| 000 | 01960nam0a2200313 4500 | ||
|---|---|---|---|
| 001 | RU\NLR\bibl\1063103 | ||
| 005 | 20260408190915.0 | ||
| 010 |
_a5-86785-177-X _9200 |
||
| 021 |
_aRU _b2007-7670 _9405 |
||
| 035 | _a(NLR Aleph) 001050368 | ||
| 090 |
_a874705 _c874705 |
||
| 100 | _a20070322d2006 u y0rusy50 ca | ||
| 101 | 0 | _arus | |
| 102 | _aRU | ||
| 105 | _ay ||||||||| | ||
| 200 | 1 |
_aФилософия русского символизма _eучебно-методическое пособие _e[для студентов] _fГ.Н. Маслов _gМ-во сел. хоз-ва Рос. Федерации, Федер. гос. образоват. учреждение высш. проф. образования "Моск. гос. агроинж. ун-т им. В.П. Горячкина" |
|
| 210 |
_aМосква _cФедеральное государственное образовательное учреждение высшего профессионального образования "Московский государственный агроинженерный университет" _d2006 |
||
| 215 |
_a46 с. _d20 |
||
| 320 | _aБиблиогр.: с. 46 (16 назв.) и в подстроч. прим. | ||
| 606 | 1 |
_aСимволизм _jУчебно-методические пособия для высших учебных заведений _xв литературе _yРоссия _91943788 _3RU\NLR\auth\66888508 |
|
| 606 |
_8rus _aСимволизм (филос.) _7ca _jУчебно-методические пособия для высших учебных заведений _3RU\NLR\auth\661258776 _92082748 |
||
| 686 | _aШ5(2=Р)53-328.81 | ||
| 686 | _aЮ802.283.31я73 | ||
| 700 | 1 |
_4070 _8rus _7ca _aМаслов _bГ. Н. _cканд. филос. наук _gГлеб Николаевич _3RU\NLR\auth\7750756 _933690 |
|
| 801 | 0 |
_aRU _bNLR _c20070322 _gRCR |
|
| 801 | 1 |
_aRU _bNLR _c20070322 |
|
| 942 | _cBOOK | ||
| 980 | _aNB | ||